| 000 | 00760nam a22002537a 4500 | ||
|---|---|---|---|
| 003 | OSt | ||
| 005 | 20220107122819.0 | ||
| 008 | 160720b xxu||||| |||| 00| 0 eng d | ||
| 020 | _a9788131704080 | ||
| 040 | _cIIITMK | ||
| 082 | _a005.1 JAC/O | ||
| 100 |
_aJacobson, Ivar _910278 |
||
| 245 |
_aObject-Oriented software engineering: _bA use case driven approach _cIvar Jacobson |
||
| 260 |
_aNew Delhi, _bPearson, _c2008. |
||
| 300 | _a552p. | ||
| 500 | _aGifted by Dr. Rajasree M S | ||
| 650 |
_aCOMPUTER SCIENCE _910279 |
||
| 650 |
_aSOFTWARE ENGINEERING _910280 |
||
| 650 |
_aOBJECT ORIENTED PROGRAMMING _910580 |
||
| 700 |
_aChristerson, Magnus _910281 |
||
| 700 |
_aJonsson, Patrik _910282 |
||
| 700 |
_aOvergaard, Gunnar _910283 |
||
| 942 |
_2ddc _cBK |
||
| 999 |
_c5317 _d5317 |
||